Responsabilidad del Estado
Saved in:
| Main Author: | |
|---|---|
| Format: | Book |
| Language: | Spanish |
| Published: |
Buenos Aires
Astrea de Rodolfo Depalma
1973
|
| Subjects: | |
| Tags: |
Add Tag
No Tags, Be the first to tag this record!
|
MARC
| LEADER | 00000nam a2200000 a 4500 | ||
|---|---|---|---|
| 001 | UCY5922 | ||
| 003 | CL-VaPUC | ||
| 008 | 950521e19730000AG |||||||||||||||||spa|d | ||
| 082 | 0 | 4 | |a 342 |b ALT |2 21 |
| 100 | 0 | |a Altamira Gigena, Julio Isidro |e author |9 335351 | |
| 245 | 1 | 0 | |a Responsabilidad del Estado |
| 300 | |a 191 p | ||
| 942 | |c BK | ||
| 945 | |d 19950521 00:00:00 |a aalvarez | ||
| 260 | |a Buenos Aires |b Astrea de Rodolfo Depalma |c 1973 | ||
| 650 | 0 | |a Derecho administrativo |9 254851 | |
| 650 | 0 | |a Responsabilidad administrativa |9 256129 | |
| 650 | 0 | |a Responsabilidad contractual |9 256720 | |
| 583 | |a last modification |c 19950521 00:00:00 |k Rodrigo Vera | ||
| 999 | |c 233521 |d 233519 | ||
| 952 | |0 0 |1 0 |4 0 |6 342_000000000000000_ALT_1973 |7 0 |8 A |9 239100 |a BIBDER |b BIBDER |d 2019-11-18 |i 2000113 |l 1 |o 342 ALT 1973 |p 2000113 |r 2024-07-15 |s 2024-07-15 |w 2019-11-18 |y BK |k DER | ||